01209nam a2200289 a 450000100060000000300080000600500170001400800410003102000150007202000250008703500190011203500110013104000250014204100080016708200260017524501860020126000730038730000340046050400510049465000460054565000450059170000260063671100910066294200120075399900170076595201370078268704BD-RjUL20211209081812.0170405s1974 ne a b 101 0 eng  a0720445000 a044410660Xcfl114.40 a(BD-RjUL)68914 a314656 aLCbengcLCdBD-RjUL aeng0 a612.015223bCOM 197410aComparative biochemistry and physiology of transport :bproceedings of the 1973 meeting of the International Conference on Biological Membranes /ceditors, Liana Bolis ... [et al.]. aAmsterdam :bNorth-Holland ;aNew York :bAmerican Elsevier,cc1974. axii, 450 p. :bill. ;c23 cm. aIncludes bibliographical references and index. 0aBiological transportvCongresses.9203645 0aMembranes (Biology)vCongresses.92036461 aBolis, Liana.9203647 aInternational Conference on Biological Membranes,cAquasparta, Italy)d(1973 :9203648 2ddccBK c68704d68704 00102ddc40718NFICaRUCLbRUCLcReadingd1979-08-14eHefferg26.95l0o612.015 COM 1974r2017-04-05 00:00:00tC-1w2017-04-05yBK